Basic electrical engineering (Record no. 7166)

000 -LEADER
fixed length control field 00658nam a2200217 4500
001 - CONTROL NUMBER
control field 7166
003 - CONTROL NUMBER IDENTIFIER
control field BD-DhUET
008 - FIXED-LENGTH DATA ELEMENTS--GENERAL INFORMATION
fixed length control field 740521s1975 nyua 001 0 eng
020 ## - INTERNATIONAL STANDARD BOOK NUMBER
International Standard Book Number 0070211523
040 ## - CATALOGING SOURCE
Original cataloging agency DLC
Transcribing agency DLC
Modifying agency BD-DhUET
082 00 - DEWEY DECIMAL CLASSIFICATION NUMBER
Classification number 623
Item number FIT/1975
100 1# - MAIN ENTRY--PERSONAL NAME
Personal name Fitzgerald, A. E.
245 10 - TITLE STATEMENT
Title Basic electrical engineering
Remainder of title circuits,electronics,machines,control
Statement of responsibility, etc. by A. E. Fitzgerald, David E. Higginbotham and Arvin Grabel
250 ## - EDITION STATEMENT
Edition statement 4th ed.
260 ## - PUBLICATION, DISTRIBUTION, ETC. (IMPRINT)
Place of publication, distribution, etc. New York
Name of publisher, distributor, etc. McGraw-Hill
Date of publication, distribution, etc. 1975
300 ## - PHYSICAL DESCRIPTION
Extent xiv, 817 p.
Other physical details illus.
Dimensions 24 cm.
650 #0 - SUBJECT ADDED ENTRY--TOPICAL TERM
Topical term or geographic name as entry element Electricity : Engineering
700 ## - ADDED ENTRY--PERSONAL NAME
Personal name Higginbotham, David E.
700 ## - ADDED ENTRY--PERSONAL NAME
Personal name Grabel, Arvin
942 ## - ADDED ENTRY ELEMENTS (KOHA)
Koha item type General Book
Holdings
Damaged status Koha issues (times borrowed) Copy number Date acquired Koha full call number Price effective from Koha date last seen Withdrawn status Location (home branch) Koha item type Piece designation (barcode) Sublocation or collection (holding branch) Koha normalized classification for sorting Shelving location Not for loan Source of classification or shelving scheme Koha date last borrowed Lost status
 112014-12-07623/PIT/19752014-12-072018-08-04 Central Library, BUETGeneral Book65364Central Library, BUET623PIT1975Circulation section  2018-07-21 
  22015-03-12623/PIT/19752015-03-122015-03-12 Central Library, BUETGeneral Book43309Central Library, BUET623_000000000000000_PIT_1975Circulation section    
  32015-03-12623/PIT/19752015-03-122015-03-12 Central Library, BUETGeneral Book43314Central Library, BUET623_000000000000000_PIT_1975Circulation section    
  42015-03-12623/PIT/19752015-03-122015-03-12 Central Library, BUETGeneral Book43676Central Library, BUET623_000000000000000_PIT_1975Circulation section    
  52015-03-12623/PIT/19752015-03-122015-03-12 Central Library, BUETGeneral Book42843Central Library, BUET623_000000000000000_PIT_1975Circulation section    
  62015-04-16623/FIT/19752015-04-162015-04-16 Central Library, BUETGeneral Book43308Central Library, BUET623_000000000000000_FIT_1975Circulation section    
  72015-04-18623/FIT/19752015-04-182015-04-18 Central Library, BUETGeneral Book43316Central Library, BUET623_000000000000000_FIT_1975Circulation section    
  82015-04-21623/FIT/19752015-04-212015-04-21 Central Library, BUETGeneral Book43310Central Library, BUET623_000000000000000_FIT_1975Circulation section    
  92015-04-21623/FIT/19752015-04-212015-04-21 Central Library, BUETGeneral Book43677Central Library, BUET623_000000000000000_FIT_1975Circulation section    
  102015-04-21623/FIT/19752015-04-212015-04-21 Central Library, BUETGeneral Book43313Central Library, BUET623_000000000000000_FIT_1975Circulation section    
  112015-04-21623/FIT/19752015-04-212015-04-21 Central Library, BUETGeneral Book43307Central Library, BUET623_000000000000000_FIT_1975Circulation section    
  122015-04-21623/FIT/19752015-04-212015-04-21 Central Library, BUETGeneral Book51101Central Library, BUET623_000000000000000_FIT_1975Circulation section    
  132015-06-28623/FIT/19752015-06-282015-06-28 Central Library, BUETReading Item42841Central Library, BUET623_000000000000000_FIT_1975Reading section    
  142015-06-28623/FIT/19752015-06-282015-06-28 Central Library, BUETReading Item42840Central Library, BUET623_000000000000000_FIT_1975Reading section    
  152015-06-28623/FIT/19752015-06-282015-06-28 Central Library, BUETReading Item43679Central Library, BUET623_000000000000000_FIT_1975Reading section